书目信息 |
| 题名: |
你知道吗
|
|
| 作者: | 杨任飞 , 张捷 , 夏宇鹏 著 | |
| 分册: | ||
| 出版信息: | 广州 广东世界图书出版公司 2009.10 |
|
| 页数: | 198页 | |
| 开本: | 23cm | |
| 丛书名: | 绿色未来丛书 | |
| 单 册: | ||
| 中图分类: | X-44 | |
| 科图分类: | ||
| 主题词: | 环保问题--huan bao wen ti--问答 | |
| 电子资源: | ||
| ISBN: | 978-7-5100-1166-5 | |
| 000 | 01063nam 2200277 450 | |
| 001 | 012010477547 | |
| 005 | 20100604133555.20 | |
| 010 | @a978-7-5100-1166-5@dCNY25.80 | |
| 100 | @a20100601d2009 em y0chiy0120 ea | |
| 101 | 0 | @achi |
| 102 | @aCN@b440000 | |
| 105 | @aa z 000yy | |
| 106 | @ar | |
| 200 | 1 | @a你知道吗@Ani zhi dao ma@e环保生活101问@f本丛书编委会编@Fben cong shu bian wei hui bian@g杨任飞, 张捷, 夏宇鹏著@Gyang ren fei,zhang jie,xia yu peng zhu |
| 210 | @a广州@c广东世界图书出版公司@d2009.10 | |
| 215 | @a198页@c图@d23cm | |
| 225 | 2 | @a绿色未来丛书@Alu se wei lai cong shu |
| 330 | @a本书内容简介:昔日的家乡山川秀美,江水清澈,林海雪原,风和日丽。我们眼中现实的家乡是黄土高坡,是长江浊浪,是荒山秃岭,是尘土飞扬。而我们憧憬、追求的未来,是绿色的家园。 | |
| 410 | 0 | @12001 @a绿色未来丛书 |
| 606 | 0 | @a环保问题@Ahuan bao wen ti@j问答 |
| 690 | @aX-44@v4 | |
| 701 | 0 | @a杨任飞@Ayang ren fei@4著 |
| 701 | 0 | @a张捷@Azhang jie@4著 |
| 701 | 0 | @a夏宇鹏@Axia yu peng@4著 |
| 801 | 0 | @aCN@bQSSK@c20100604 |
| 905 | @b780412-14@dX-44@eY251@f3 | |
| 你知道吗:环保生活101问/本丛书编委会编/杨任飞, 张捷, 夏宇鹏著.-广州:广东世界图书出版公司,2009.10 |
| 198页:图;23cm.-(绿色未来丛书) |
| ISBN 978-7-5100-1166-5:CNY25.80 |
| 本书内容简介:昔日的家乡山川秀美,江水清澈,林海雪原,风和日丽。我们眼中现实的家乡是黄土高坡,是长江浊浪,是荒山秃岭,是尘土飞扬。而我们憧憬、追求的未来,是绿色的家园。 |
| ● |
| 相关链接 |
|
|
|
正题名:你知道吗
索取号:X-44/Y251
 
预约/预借
| 序号 | 登录号 | 条形码 | 馆藏地/架位号 | 状态 | 备注 |
| 1 | 780412 | 207804125 | 自科库501/501自科库 61排3列3层/ [索取号:X-44/Y251] | 在馆 | |
| 2 | 780413 | 207804134 | 自科库501/501自科库 61排3列3层/ [索取号:X-44/Y251] | 在馆 | |
| 3 | 780414 | 207804143 | 自科二线504/504自科库 39排1列6层/ [索取号:X-44/Y251] | 在馆 |